| 000 | 00895nam a22002417a 4500 | ||
|---|---|---|---|
| 001 | 0000004042 | ||
| 003 | PPM | ||
| 005 | 20260421153544.0 | ||
| 008 | 260421b ||||| |||| 00| 0 eng d | ||
| 020 |
_a9789839187267 _cRM 35.08 _qHardback |
||
| 035 | _a0000004042 | ||
| 040 |
_bMalay _cPusat Penyelidikan Mineral, Jabatan Mineral Dan Geosains Malaysia _dPPM _eRDA |
||
| 082 | 0 | 0 |
_222 _a352.3802 _bHRM 2009 |
| 245 | 1 | 0 | _aHRMIS : Transformasi Pengurusan Sumber Manusia Sektor Awam Malaysia Abad Ke-21 |
| 250 | _a1st.ed. | ||
| 260 | 1 |
_aSelangor : _bJabatan Perkhidmatan Awam Malaysia , _c2009 |
|
| 300 | 0 | 0 |
_avii, 146 pages .: _bsome colour, photo, illustrations .; _c25 cm |
| 650 | 1 | 0 |
_aPublic administration _zMalaysia |
| 650 | 2 | 0 |
_aInternet in public administration _zMalaysia |
| 650 | 2 | 0 |
_aElectronic government _zMalaysia |
| 710 | 2 | _aJabatan Perkhidmatan Awam Malaysia | |
| 942 |
_2ddc _cBK |
||
| 999 |
_c27212 _d27212 |
||